| 000 | 00419nam a22001577a 4500 | ||
|---|---|---|---|
| 005 | 20251219092028.0 | ||
| 008 | 251219b |||||||| |||| 00| 0 eng d | ||
| 020 | _a978-93-86235-27-5 | ||
| 100 | _aGUTTAL, MRUTYNJAY K | ||
| 245 | _aTEXTBOOK OF PHYSIOLOGY | ||
| 260 |
_aTELANGANA, INDIA _bUNIVERSITIES PRESS _c2018 |
||
| 300 | _aXII, 907P. | ||
| 500 | _aINCLUDES INDEX | ||
| 650 | _a1. PHYSIOLOGY | ||
| 942 |
_2lcc _cBK |
||
| 999 |
_c216365 _d216365 |
||